| 000 | 01241nam a2200265 u 4500 | ||
|---|---|---|---|
| 001 | 000622595 | ||
| 003 | AM-YeHGA | ||
| 005 | 20250617140107.0 | ||
| 008 | 081225s1984 ||||||||r|||||000|0|rus|d | ||
| 040 | _aAM-YeHGA | ||
| 041 | 0 | _arus | |
| 245 | 0 | 0 |
_aНейрогуморальная регуляция и двигательная активность при старении / _cА.П. Амвросьев, А.П. Кирилюк, Л.М. Лобанок и др. ; Науч. ред. А.С. Дмитриев ; АН БССР, Сектор геронтологии. |
| 260 |
_aМинск : _bНаука и техника, _c1984. |
||
| 300 |
_a200 с. : _bил., табл. ; _c22 см. |
||
| 504 | _aСписок лит.: с. 183-199 | ||
| 650 | 1 | 4 | _aНейрофизиология |
| 650 | 1 | 4 | _aСтарение |
| 650 | 1 | 4 | _aАуторегуляция |
| 700 | 1 | _aАмвросьев, Алексей Петрович | |
| 700 | 1 | _aКирилюк, Анатолий Павлович | |
| 700 | 1 | _aЛобанок, Леонид Михайлович | |
| 700 | 1 |
_aДмитриев, Андрей Сергеевич _eред. _4edt |
|
| 710 | 2 |
_aАкадемия наук БССР _bСектор геронтологии |
|
| 090 | _c214791 | ||
| 999 |
_c213276 _d213276 |
||